|
|
|
|
| LEADER |
00000nab a2200000ua 4500 |
| 001 |
vtls010835880 |
| 003 |
SK-MaSNL |
| 005 |
20260303144324.0 |
| 008 |
230222s2011 xo |||||||||||||||||eng| |
| 035 |
|
|
|a (urnnbn)urn:nbn:sk:snk:ar-a06rlu
|
| 035 |
|
|
|a urn:nbn:sk:snk-ab5zqi
|
| 035 |
|
|
|a (uuid)f06f5e37-3746-44b2-8b06-c26934045f36
|
| 040 |
|
|
|a SNKBUCL
|b slo
|c SNKBUCL
|e AACR2
|
| 041 |
0 |
|
|a eng
|
| 044 |
|
|
|a xo
|c SK
|
| 100 |
1 |
|
|a Rajenthirakumar, D.
|4 aut
|9 1165756
|
| 245 |
1 |
0 |
|a Quality and Productivity Improvement in Automotive Component Manufacturing Company Using Kaizen
|c D. Rajenthirakumar, P. R. Thyla
|
| 700 |
1 |
|
|a P. R. Thyla
|4 aut
|9 1165757
|
| 773 |
0 |
|
|t Výrobné inžinierstvo
|g Roč. 10, č. 2 (2011), s. 36-44
|
| 958 |
|
|
|a OND
|
| 958 |
|
|
|a EUIPO
|
| 958 |
|
|
|a article5
|
| 999 |
|
|
|c 1996449
|d 1998379
|